[Event "IND-chT IIT 57th"]
[Site "Indore"]
[Date "2024.12.14"]
[Round "5.1"]
[White "Sanjay, Thiruvengadam"]
[Black "Abhiram Pramod, K."]
[Result "1-0"]
[WhiteElo "1833"]
[BlackElo "1829"]
[PlyCount "83"]
[EventDate "2024.12.10"]
[EventType "team-swiss"]
[EventRounds "7"]
[EventCountry "IND"]
[SourceTitle "CB04_2025"]
[SourceDate "2025.01.22"]
[SourceVersion "1"]
[SourceVersionDate "2025.01.22"]
[SourceQuality "1"]
[WhiteTeam "Kharagpur"]
[BlackTeam "Madras"]
[WhiteTeamCountry "IND"]
[BlackTeamCountry "IND"]

1. Nf3 d5 2. b4 e5 3. Nxe5 Bxb4 4. c4 Be7 5. e3 Nf6 6. Be2 0-0 7. 0-0 Nbd7 8. d4 dxc4 9. Nxc4 Nb6 10. Nc3 Be6 11. Ne5 c5 12. dxc5 Bxc5 13. Nd3 Bd6 14. Nb5 Be7 15. Nd4 Bc4 16. Bb2 Qd7 17. Ne5 Bxe2 18. Qxe2 Qa4 19. Nf5 Rfe8 20. Qf3 Qe4 21. Qh3 Bf8 22. f3 Qd5 23. Qg3 g6 24. Rfd1 Qe6 25. e4 Nh5 26. Qg4 Rad8 27. Rac1 Rxd1+ 28. Rxd1 f6 29. Nd3 Nc4 30. Ba1 Kh8 31. Qg5 Ne5 32. Bxe5 fxe5 33. Nh6 Bxh6 34. Qxh6 Qb6+ 35. Kf1 Qd4 36. g3 Ng7 37. Kg2 Ne6 38. Nf2 Qa4 39. Rd5 Nd4 40. Rxe5 Nc2 41. Re7 Ne3+ 42. Kh3 1-0

[Event "IND-chT IIT 57th"]
[Site "Indore"]
[Date "2024.12.12"]
[Round "3.1"]
[White "Sanjay, Thiruvengadam"]
[Black "Shome, Shiv"]
[Result "0-1"]
[WhiteElo "1833"]
[BlackElo "2237"]
[PlyCount "94"]
[EventDate "2024.12.10"]
[EventType "team-swiss"]
[EventRounds "7"]
[EventCountry "IND"]
[SourceTitle "CB04_2025"]
[SourceDate "2025.01.22"]
[SourceVersion "1"]
[SourceVersionDate "2025.01.22"]
[SourceQuality "1"]
[WhiteTeam "Kharagpur"]
[BlackTeam "Jodhpur"]
[WhiteTeamCountry "IND"]
[BlackTeamCountry "IND"]

1. b4 e5 2. Bb2 Bxb4 3. Bxe5 Nf6 4. c4 Nc6 5. Bb2 d5 6. cxd5 Qxd5 7. e3 Bf5 8. Nc3 Bxc3 9. Bxc3 Ne4 10. Qb3 Nxc3 11. Qxc3 0-0-0 12. Nf3 h5 13. d4 Be4 14. Bc4 Qf5 15. Be2 Rh6 16. Rc1 f6 17. Rg1 Qe6 18. Nd2 Bd5 19. Bc4 f5 20. Nf3 Qe7 21. Kd2 Rhd6 22. Bxd5 Rxd5 23. Rb1 g5 24. Qb3 Na5 25. Qb4 Qf6 26. Rgc1 g4 27. Qc3 Nc6 28. Ne1 R8d7 29. Ke2 f4 30. Nd3 Re7 31. Qb3 Nxd4+ 32. Kf1 Nxb3 33. Nxf4 Nxc1 34. Nxd5 Qa6+ 35. Kg1 Rd7 36. Rxc1 Rxd5 37. g3 Qxa2 38. e4 Re5 39. Re1 Rxe4 40. Rc1 b5 41. Rd1 b4 42. Kg2 b3 43. Rf1 b2 44. h4 b1Q 45. Kh2 Re1 46. Rg1 Qxf2+ 47. Rg2 Rh1# 0-1

[Event "IND-chT IIT 57th"]
[Site "Indore"]
[Date "2024.12.11"]
[Round "2.1"]
[White "Anshul, Kaushik"]
[Black "Sanjay, Thiruvengadam"]
[Result "0-1"]
[WhiteElo "1854"]
[BlackElo "1833"]
[PlyCount "174"]
[EventDate "2024.12.10"]
[EventType "team-swiss"]
[EventRounds "7"]
[EventCountry "IND"]
[SourceTitle "CB04_2025"]
[SourceDate "2025.01.22"]
[SourceVersion "1"]
[SourceVersionDate "2025.01.22"]
[SourceQuality "1"]
[WhiteTeam "Indore"]
[BlackTeam "Kharagpur"]
[WhiteTeamCountry "IND"]
[BlackTeamCountry "IND"]

1. c4 Nf6 2. g3 c5 3. Bg2 Nc6 4. d3 g6 5. Nc3 Bg7 6. e4 d6 7. Nge2 Rb8 8. 0-0 a6 9. a4 0-0 10. h3 Ne8 11. Be3 Nc7 12. d4 cxd4 13. Nxd4 Ne6 14. Nde2 Nc5 15. Rb1 Nb4 16. Nd5 Nxd5 17. cxd5 Bd7 18. b3 b5 19. f4 bxa4 20. Bxc5 dxc5 21. bxa4 Rxb1 22. Qxb1 Bxa4 23. e5 Bb5 24. Re1 Qa5 25. Qc1 Bd3 26. Qc3 Qxc3 27. Nxc3 f6 28. Na4 Rc8 29. e6 f5 30. Nb6 Bd4+ 31. Kh2 Rb8 32. Nd7 Re8 33. Ne5 Bb5 34. Nc6 Bf6 35. Rc1 c4 36. Ne5 Rc8 37. g4 fxg4 38. hxg4 g5 39. Nc6 gxf4 40. Be4 Kg7 41. Kg2 c3 42. Kf3 h6 43. Kf2 Ba4 44. Ke1 f3 45. Bc2 Bxc6 46. dxc6 Rxc6 47. Bf5 Bd4 48. Rd1 c2 49. Bxc2 Rxc2 50. Rxd4 Re2+ 51. Kf1 Rxe6 52. Kf2 Rf6 53. Rd7 Kf7 54. Ra7 Kf8 55. Ra8+ Kf7 56. Ra7 Kg6 57. Rxe7 Kg5 58. Rg7+ Kf4 59. Rg8 a5 60. Rg7 Ra6 61. Rf7+ Kxg4 62. Rxf3 a4 63. Ra3 Kf4 64. Ke2 h5 65. Kf1 Ke4 66. Ke2 Kd4 67. Kd2 Kc4 68. Kc2 Kb4 69. Rh3 Ra5 70. Kb2 Kc4 71. Ra3 Kb4 72. Rh3 Kc4 73. Ra3 Kd4 74. Kc2 h4 75. Kd2 Kc4 76. Kc2 Kb4 77. Kb2 Rg5 78. Rh3 Rg2+ 79. Kb1 Rg4 80. Ka2 Kc4 81. Kb2 Kd4 82. Kc2 Ke4 83. Kd2 Kf4 84. Ke2 Kg5 85. Ra3 Rf4 86. Rc3 Kg4 87. Ra3 h3 0-1

[Event "Chennai Murali Mohan Memorial 2nd"]
[Site "Chennai"]
[Date "2023.07.16"]
[Round "7"]
[White "Praveen, Kumar C"]
[Black "Sanjay, Thiruvengadam"]
[Result "1-0"]
[WhiteElo "2090"]
[BlackElo "1630"]
[PlyCount "107"]
[EventDate "2023.07.15"]
[EventType "swiss (rapid)"]
[EventRounds "9"]
[EventCountry "IND"]
[SourceTitle "CBM 215 Extra"]
[Source "ChessBase"]
[SourceDate "2023.09.30"]
[SourceVersion "1"]
[SourceVersionDate "2023.09.30"]
[SourceQuality "1"]

1. d4 d5 2. c4 e6 3. Nf3 Nf6 4. g3 dxc4 5. Bg2 Bb4+ 6. Bd2 Be7 7. 0-0 0-0 8. Qa4 a6 9. Qxc4 b5 10. Qc2 Bb7 11. Rc1 Nc6 12. e3 Nd5 13. a3 Rc8 14. Nc3 Nxc3 15. Bxc3 Nb8 16. Ng5 Bxg5 17. Bxb7 Re8 18. Bxc8 Qxc8 19. Bb4 c6 20. a4 Qb7 21. axb5 cxb5 22. Bd6 h5 23. Bxb8 Qxb8 24. Rxa6 Qb7 25. Qc6 Qe7 26. Ra7 Qf8 27. h4 Bf6 28. Rc7 Kh7 29. Qc5 g6 30. Qxf8 Rxf8 31. Rb7 Kg7 32. Rcc7 e5 33. d5 e4 34. Rxb5 Be5 35. Re7 Kf6 36. Ra7 Rc8 37. Rbb7 Rf8 38. b4 Kg7 39. b5 Bb8 40. Ra8 Bd6 41. Rxf8 Bxf8 42. b6 Kf6 43. Rc7 Bd6 44. Rc6 Ke5 45. b7 Bb8 46. Rc8 Bd6 47. Re8+ Kf5 48. Rd8 Be5 49. d6 Kg4 50. b8Q f5 51. Kg2 Bf6 52. Rg8 g5 53. Rxg5+ Bxg5 54. Qg8 1-0

[Event "Chennai Murali Mohan Memorial 2nd"]
[Site "Chennai"]
[Date "2023.07.16"]
[Round "8"]
[White "Sanjay, Thiruvengadam"]
[Black "Nawin, MS."]
[Result "1-0"]
[WhiteElo "1630"]
[BlackElo "1848"]
[PlyCount "127"]
[EventDate "2023.07.15"]
[EventType "swiss (rapid)"]
[EventRounds "9"]
[EventCountry "IND"]
[SourceTitle "CBM 215 Extra"]
[Source "ChessBase"]
[SourceDate "2023.09.30"]
[SourceVersion "1"]
[SourceVersionDate "2023.09.30"]
[SourceQuality "1"]

1. b4 d5 2. Bb2 Nf6 3. e3 e6 4. b5 c5 5. Nf3 Bd6 6. Be2 0-0 7. 0-0 a6 8. a4 axb5 9. axb5 Rxa1 10. Bxa1 Nbd7 11. c4 dxc4 12. Na3 b6 13. Nxc4 Bb8 14. d4 Bb7 15. dxc5 bxc5 16. Nfe5 Bd5 17. Bf3 Qc7 18. g3 Qb7 19. Bxd5 exd5 20. Nxd7 Nxd7 21. Qg4 f6 22. Qe6+ Kh8 23. Qc6 Qxc6 24. bxc6 Ne5 25. Nb6 Nxc6 26. Nxd5 h6 27. Rc1 Bd6 28. e4 Ra8 29. Kg2 Nb4 30. Nb6 Ra2 31. Nc4 Bf8 32. Rd1 Kg8 33. e5 fxe5 34. Bxe5 Ra7 35. Rd8 Nc6 36. Rc8 Nxe5 37. Nxe5 Rb7 38. h4 g5 39. hxg5 hxg5 40. Ng6 Rf7 41. Nxf8 Rxf8 42. Rxc5 g4 43. Rg5+ Kh7 44. Rxg4 Ra8 45. f4 Ra2+ 46. Kh3 Ra1 47. Rg5 Ra2 48. Kg4 Ra4 49. Rb5 Rc4 50. Kg5 Rc7 51. g4 Rg7+ 52. Kh5 Rc7 53. f5 Rd7 54. g5 Rd8 55. g6+ Kg8 56. Kg5 Rc8 57. Rb7 Rd8 58. f6 Rc8 59. Rh7 Rc5+ 60. Kh6 Rf5 61. f7+ Kf8 62. Rh8+ Ke7 63. Re8+ Kd7 64. f8Q 1-0